• 首页
  • 本馆介绍
  • 公告通知
  • 最新文献
  • 馆藏检索
  • 电子资源
  • 读者导购
  • 参考咨询
  • 我的图书馆
  • 登录
  • 详细信息显示
  • 放入我的书架
  • 预约/预借图书
  • 作者相关作品
  • 分类相关作品
  • 丛书相关作品
  • 出版社相关作品

书目信息

  • 表格格式
  • 工作单格式
  • 卡片格式
题名:
国际共运史论文集
    
 
作者: 王惠德 主编
分册:  
出版信息: 北京   人民出版社  1983.03
页数: 478页
开本: 20cm
丛书名:
单 册:
中图分类: D1
科图分类:
主题词: 国际共产主义运动
电子资源:
ISBN:
000 00681nam0 2200205 45
001 0303181645
005 20060816091249.59
010    @dCNY1.55
091    @a11001.539
100    @a20030318d1983 km y0chiy0120 ea
101 0  @achi
200 1  @a国际共运史论文集@AGuo Ji Gong Yun Shi Lun Wen Ji@e纪念马克思逝世一百周年@EJi Nian Ma Ke Si Shi ShiYi Bai Zhou Nian@f王惠德主编@FWang Hui De Zhu Bian
210    @a北京@c人民出版社@d1983.03
215    @a478页@d20cm
517    @a纪念马克思逝世一百周年@AJi Nian Ma Ke Si Shi Shi Yi Bai Zhou Nian
606 0  @a国际共产主义运动
690    @aD1@v3
701  0 @a王惠德@4主编
801    @aCN@bTSTC@c20060816
905    @dD1@e12@f1@b82486@b82488@f1
    
    国际共运史论文集:纪念马克思逝世一百周年/王惠德主编.-北京:人民出版社,1983.03
    478页;20cm
    
    
    ISBN :CNY1.55
    
●
相关链接 在E读中查询图书 在五车中查询图书 在当当中查询图书 在豆瓣中查询图书


正题名:国际共运史论文集     索取号:D1/12         预约/预借

序号 登录号 条形码 馆藏地/架位号 状态 备注
1 0082485   001771041   密集书库/ [索取号:D1/12] 在馆    
2 0082486   001009624   密集书库/ [索取号:D1/12] 在馆    
3 0082487   001771005   密集书库/ [索取号:D1/12] 在馆    
4 0082488   001012102   第一借阅区/ [索取号:D1/12] 在馆    
5 0082489   001012095   第一样本阅览室/ [索取号:D1/12] 在馆    
6 0426168   204261681   密集书库/ [索取号:D1/12] 在馆    
7 0426169   204261690   密集书库/ [索取号:D1/12] 在馆    
8 0464779   204647793   密集书库/ [索取号:D1/12] 在馆    
唐山师范学院图书馆 欢迎您!
大连网信软件有限公司© 版权所有